000 00278nam a22001337a 4500
008 181012b xxu||||| |||| 00| 0 eng d
020 _a9780323084499
041 _aeng
080 _24th
_a610
100 _a4
101 _aSHM
245 _aACLS
_cAehlert,B
942 _2udc
_cBK
999 _c49539
_d49539